<?xml version="1.0" encoding="UTF-8"?>
<record
    xmlns:xsi="http://www.w3.org/2001/XMLSchema-instance"
    xsi:schemaLocation="http://www.loc.gov/MARC21/slim http://www.loc.gov/standards/marcxml/schema/MARC21slim.xsd"
    xmlns="http://www.loc.gov/MARC21/slim">

  <leader>01259cam a22003137a 4500</leader>
  <controlfield tag="001">6157</controlfield>
  <controlfield tag="003">FISKH</controlfield>
  <controlfield tag="005">20250321080859.0</controlfield>
  <controlfield tag="008">120516s2011    nyuab  j b    000 0 eng d</controlfield>
  <datafield tag="010" ind1=" " ind2=" ">
    <subfield code="a">  2011275986</subfield>
  </datafield>
  <datafield tag="020" ind1=" " ind2=" ">
    <subfield code="a">9780545345392</subfield>
  </datafield>
  <datafield tag="020" ind1=" " ind2=" ">
    <subfield code="a">0545345391</subfield>
  </datafield>
  <datafield tag="035" ind1=" " ind2=" ">
    <subfield code="a">(OCoLC)ocn760084278</subfield>
  </datafield>
  <datafield tag="040" ind1=" " ind2=" ">
    <subfield code="a">IHI</subfield>
    <subfield code="c">IHI</subfield>
    <subfield code="d">DLC</subfield>
    <subfield code="b">eng</subfield>
  </datafield>
  <datafield tag="050" ind1=" " ind2=" ">
    <subfield code="a">QC944 .J66</subfield>
  </datafield>
  <datafield tag="082" ind1=" " ind2=" ">
    <subfield code="a">551.55</subfield>
  </datafield>
  <datafield tag="100" ind1="1" ind2=" ">
    <subfield code="a">Jones, Lynda.</subfield>
  </datafield>
  <datafield tag="245" ind1="1" ind2="0">
    <subfield code="a">Hurricane disaster /</subfield>
    <subfield code="c">Lynda Jones.</subfield>
  </datafield>
  <datafield tag="260" ind1=" " ind2=" ">
    <subfield code="a">New York :</subfield>
    <subfield code="b">Scholastic,</subfield>
    <subfield code="c">2011.</subfield>
  </datafield>
  <datafield tag="300" ind1=" " ind2=" ">
    <subfield code="a">32 pages : </subfield>
    <subfield code="b">color illustrations, color maps ; </subfield>
    <subfield code="c">26 cm </subfield>
  </datafield>
  <datafield tag="500" ind1=" " ind2=" ">
    <subfield code="a">Alert! Alert! -- Sea monsters -- Air Force -- Storm factory -- Parts of a hurricane -- Blow, wind, blow -- Where's the storm? -- Hurricane hunters -- Underwater -- Historic hurricanes -- Rescue mission -- Tally up -- How to stop a hurricane -- Future forecast.</subfield>
  </datafield>
  <datafield tag="504" ind1=" " ind2=" ">
    <subfield code="a">Includes bibliographical references.</subfield>
  </datafield>
  <datafield tag="520" ind1=" " ind2=" ">
    <subfield code="a">Answers such questions as: What is a hurricane? Where does it come from and how does it form? and How do you keep your family safe from a barreling storm?</subfield>
  </datafield>
  <datafield tag="650" ind1=" " ind2="0">
    <subfield code="a">Hurricanes</subfield>
    <subfield code="v">Juvenile literature.</subfield>
  </datafield>
  <datafield tag="650" ind1=" " ind2="1">
    <subfield code="a">Hurricanes.</subfield>
  </datafield>
  <datafield tag="906" ind1=" " ind2=" ">
    <subfield code="a">7</subfield>
    <subfield code="b">cbc</subfield>
    <subfield code="c">copycat</subfield>
    <subfield code="d">2</subfield>
    <subfield code="e">ncip</subfield>
    <subfield code="f">20</subfield>
    <subfield code="g">y-gencatlg</subfield>
  </datafield>
  <datafield tag="942" ind1=" " ind2=" ">
    <subfield code="2">ddc</subfield>
    <subfield code="c">BK</subfield>
    <subfield code="n">0</subfield>
  </datafield>
  <datafield tag="999" ind1=" " ind2=" ">
    <subfield code="c">6157</subfield>
    <subfield code="d">6157</subfield>
  </datafield>
  <datafield tag="952" ind1=" " ind2=" ">
    <subfield code="0">0</subfield>
    <subfield code="1">0</subfield>
    <subfield code="2">ddc</subfield>
    <subfield code="4">0</subfield>
    <subfield code="7">0</subfield>
    <subfield code="8">NFIC</subfield>
    <subfield code="a">002</subfield>
    <subfield code="b">002</subfield>
    <subfield code="c">SNS</subfield>
    <subfield code="d">2025-03-21</subfield>
    <subfield code="l">0</subfield>
    <subfield code="o">JON 551.552 QC944 .J66</subfield>
    <subfield code="p">FISSE01425</subfield>
    <subfield code="r">2025-03-21 08:08:30</subfield>
    <subfield code="t">1</subfield>
    <subfield code="w">2025-03-21</subfield>
    <subfield code="y">BK</subfield>
  </datafield>
  <datafield tag="952" ind1=" " ind2=" ">
    <subfield code="0">0</subfield>
    <subfield code="1">0</subfield>
    <subfield code="2">ddc</subfield>
    <subfield code="4">0</subfield>
    <subfield code="7">0</subfield>
    <subfield code="8">NFIC</subfield>
    <subfield code="a">001</subfield>
    <subfield code="b">001</subfield>
    <subfield code="c">ATKSNF</subfield>
    <subfield code="d">2025-03-21</subfield>
    <subfield code="l">0</subfield>
    <subfield code="o">JON 551.552 QC944 .J66</subfield>
    <subfield code="p">FISTK04981</subfield>
    <subfield code="r">2025-03-21 08:08:56</subfield>
    <subfield code="t">2</subfield>
    <subfield code="w">2025-03-21</subfield>
    <subfield code="y">BK</subfield>
  </datafield>
  <datafield tag="952" ind1=" " ind2=" ">
    <subfield code="0">0</subfield>
    <subfield code="1">0</subfield>
    <subfield code="2">ddc</subfield>
    <subfield code="4">0</subfield>
    <subfield code="7">0</subfield>
    <subfield code="8">NFIC</subfield>
    <subfield code="a">002</subfield>
    <subfield code="b">002</subfield>
    <subfield code="c">SNS</subfield>
    <subfield code="d">2025-04-22</subfield>
    <subfield code="l">0</subfield>
    <subfield code="o">JON 551.552 QC944 .J66</subfield>
    <subfield code="p">2025-1073</subfield>
    <subfield code="r">2025-04-22 12:37:02</subfield>
    <subfield code="t">3</subfield>
    <subfield code="w">2025-04-22</subfield>
    <subfield code="y">BK</subfield>
  </datafield>
</record>
